Nachbarländer nach Achterbahnanzahl-Differenz - Statistiken

Allgemein
  • Dieses Quiz wurde 47 mal gespielt
  • Das Durchschnittsergebnis liegt bei 20 aus 29
Antwortstatistiken
Country % Korrekt
Deutschland
92%
Frankreich
87%
China
84%
Russland
84%
Vereinigte Staaten
84%
Schweiz
79%
Belgien
76%
Dänemark
76%
Kanada
76%
Luxemburg
76%
Indien
74%
Mexiko
74%
Mongolei
74%
Nordkorea
71%
Tschechien
71%
Vietnam
71%
Nepal
68%
Monaco
66%
Andorra
63%
Bhutan
63%
Kasachstan
63%
Tadschikistan
61%
Laos
58%
Myanmar
58%
Kirgisistan
55%
Afghanistan
53%
Pakistan
53%
Vereinigtes Königreich
34%
Irland
32%
Keine übereinstimmenden Quizze gefunden
Verteilung der Resultate
Anzahl Personen mit jedem Resultat
Perzentil nach korrekt beantworteten Fragen
Ihre Resultats-Entwicklung
Sie haben dieses Quiz noch nicht gespielt